<?xml version="1.0" encoding="UTF-8"?><?xml-stylesheet type="text/xsl" href="static/style.xsl"?><OAI-PMH xmlns="http://www.openarchives.org/OAI/2.0/" xmlns:xsi="http://www.w3.org/2001/XMLSchema-instance" xsi:schemaLocation="http://www.openarchives.org/OAI/2.0/ http://www.openarchives.org/OAI/2.0/OAI-PMH.xsd"><responseDate>2026-06-03T11:44:07Z</responseDate><request verb="GetRecord" identifier="oai:riuma.uma.es:10630/31753" metadataPrefix="marc">https://riuma.uma.es/rest/oai/request</request><GetRecord><record><header><identifier>oai:riuma.uma.es:10630/31753</identifier><datestamp>2026-02-03T10:57:34Z</datestamp><setSpec>com_10630_2254</setSpec><setSpec>col_10630_37953</setSpec></header><metadata><record xmlns="http://www.loc.gov/MARC21/slim" xmlns:dcterms="http://purl.org/dc/terms/" xmlns:doc="http://www.lyncode.com/xoai" xmlns:xsi="http://www.w3.org/2001/XMLSchema-instance" xsi:schemaLocation="http://www.loc.gov/MARC21/slim http://www.loc.gov/standards/marcxml/schema/MARC21slim.xsd">
   <leader>00925njm 22002777a 4500</leader>
   <datafield ind2=" " ind1=" " tag="042">
      <subfield code="a">dc</subfield>
   </datafield>
   <datafield ind2=" " ind1=" " tag="720">
      <subfield code="a">Recuenco-Peñalver, María</subfield>
      <subfield code="e">author</subfield>
   </datafield>
   <datafield ind2=" " ind1=" " tag="720">
      <subfield code="a">Mendoza Ramos, Arturo</subfield>
      <subfield code="e">author</subfield>
   </datafield>
   <datafield ind2=" " ind1=" " tag="260">
      <subfield code="c">2022-12-12</subfield>
   </datafield>
   <datafield ind2=" " ind1=" " tag="520">
      <subfield code="a">El español es una de las lenguas más habladas y aprendidas en todo el mundo. La enseñanza del español en África ha sido siempre relevante en país francófonos y en el Magreb. En la región del sur de África, Madagascar y Sudáfrica son los dos países con el mayor número de estudiantes. En Sudáfrica, concretamente, aunque existe motivación a este respecto entre los estudiantes universitarios, los números de matrículas se han visto reducidos en los últimos años debido a la puesta en marcha de ciertas políticas lingüísticas y el actual currículo de enseñanza del español como lengua extranjera. En este artículo, examinaremos la situación actual de los estudios de español en las instituciones de educación superior sudafricanas y nos centraremos en los casos de la Universidad de Ciudad del Cabo y la Universidad de Witwatersrand, en Johannesburgo. Para ello, se llevó a cabo una encuesta entre 89 estudiantes de español en primer, segundo y tercer año en los años 2019 y 2020. Los datos recogidos sugieren que el español es una lengua importante para los estudiantes universitarios en Sudáfrica, pero su currículo podría necesitar cierta revisión y mejora. Para terminar, hablaremos también del diseño y la ejecución de las políticas lingüísticas sudafricanas y su impacto en las oportunidades de los estudiantes en relación con el estudio del español como lengua extranjera.</subfield>
   </datafield>
   <datafield ind1="8" ind2=" " tag="024">
      <subfield code="a">Recuenco Peñalver, M. ., &amp; Mendoza Ramos, A. (2022). Sobre los desafíos y motivaciones de los estudiantes para aprender español con el currículo actual en universidades sudafricanas . Revista Nebrija De Lingüística Aplicada a La Enseñanza De Lenguas, 16(33), 160–178. Recuperado a partir de https://revistas.nebrija.com/revista-linguistica/article/view/496</subfield>
   </datafield>
   <datafield ind1="8" ind2=" " tag="024">
      <subfield code="a">https://hdl.handle.net/10630/31753</subfield>
   </datafield>
   <datafield tag="653" ind2=" " ind1=" ">
      <subfield code="a">Español - Estudio y enseñanza - Estudiantes extranjeros</subfield>
   </datafield>
   <datafield ind2="0" ind1="0" tag="245">
      <subfield code="a">On students’ challenges and motivations learning Spanish with the current curriculum in South African universities.</subfield>
   </datafield>
</record>
</metadata></record></GetRecord></OAI-PMH>